Danganronpa Characters Quiz - Statistics

General Stats
  • This quiz has been taken 340 times
  • The average score is 28 of 48
Answer Stats
Participant Ultimate % Correct
Aoi Asahina Ultimate Swimming Pro
84%
Byakuya Togami Ultimate Affluent Progeny
80%
Byakuya Togami Ultimate Affluent Progeny (Actually Ultimate Imposter)
80%
Celestia Ludenberg Ultimate Gambler
78%
Chiaki Nanami Ultimate Gamer
78%
Chihiro Fujisaki Ultimate Programmer
76%
Gundham Tanaka Ultimate Breeder
75%
Akane Owari Ultimate Gymnast
74%
Junko Enoshima Ultimate Fashionista (Actually Ultimate Despair)
72%
Kyoko Kirigiri Ultimate ??? (Ultimate Detective)
72%
Makoto Naegi Ultimate Lucky Student
72%
Angie Yonaga Ultimate Artist
67%
Hifumi Yamada Ultimate Fanfic Creator
67%
Leon Kuwata Ultimate Baseball Star
67%
Hajime Hinata Ultimate ??? (Ultimate Hope)
66%
Ibuki Mioda Ultimate Musician
66%
Nagito Komaeda Ultimate Lucky Student
64%
Fuyuhiko Kuzuryu Ultimate Yakuza
63%
Gonta Gokuhara Ultimate Entomologist
63%
Kaede Akamatsu Ultimate Pianist
63%
Kokichi Oma Ultimate Supreme Leader
63%
Hiyoko Saionji Ultimate Traditional Dancer
62%
K1-B0 Ultimate Robot
62%
Kazuichi Soda Ultimate Mechanic
61%
Mikan Tsumiki Ultimate Nurse
60%
Himiko Yumeno Ultimate Magician
58%
Kaito Momota Ultimate Astronaut
57%
Miu Iruma Ultimate Inventor
57%
Mondo Owada Ultimate Biker Gang Leader
56%
Kirumi Tojo Ultimate Maid
53%
Kiyotaka Ishimaru Ultimate Moral Compass
53%
Korekiyo Shinguji Ultimate Anthropologist
52%
Peko Pekoyama Ultimate Swordswoman
52%
Sakura Ogami Ultimate Martial Artist
51%
Sonia Nevermind Ultimate Princess
50%
Maki Harukawa Ultimate Child Caregiver (Actually Ultimate Assassin)
49%
Mahiru Koizumi Ultimate Photographer
48%
Nekomaru Nidai Ultimate Team Manager
47%
Sayaka Maizono Ultimate Pop Sensation
47%
Shuichi Saihara Ultimate Detective
47%
Mukuro Ikusaba Ultimate Soldier
46%
Teruteru Hanamura Ultimate Cook
42%
Toko Fukawa Ultimate Writing Prodigy
42%
Rantaro Amami Ultimate ??? (Ultimate Survivor)
41%
Ryoma Hoshi Ultimate Tennis Pro
41%
Tenko Chabashira Ultimate Aikido Master
37%
Yasuhiro Hagakure Ultimate Clairvoyant
33%
Tsumugi Shirogane Ultimate Cosplayer
31%
No matching quizzes found
Score Distribution
Percent of People with Each Score
Percentile by Number Answered
Your Score History
You have not taken this quiz